Języki świata - Statystyki

Ogólne statystyki
  • Ten quiz został rozwiązany 23 razy
  • Średni wynik to 13 z 26
Statystyki odpowiedzi
Słowo Język % Poprawnych
المنزل arabski
86%
mustache angielski
81%
テーブル japoński
81%
škola czeski
76%
couleur francuski
76%
學校 chiński
71%
perro hiszpański
71%
καρδιά grecki
67%
цвят bułgarski
62%
अनाज के दाने hindi
57%
lektioner duński
52%
колер białoruski
48%
vapaus fiński
48%
akatsia estoński
43%
keðja islandzki
43%
ძალაუფლება gruziński
38%
הנסיך hebrajski
38%
cnámh irlandzki
38%
mjekësi albański
33%
dizalo bośniacki
33%
makan malam indonezyjski
33%
dinstano jelo chorwacki
24%
缺點 kantoński
24%
ronyó kataloński
19%
cervexa galicyjski
14%
Banyu jawajski
5%
Nie znaleziono quizów pasujących do podanych kryteriów
Rozkład punktacji
Procent ludzi z każdym wynikiem
Percentyl według liczby udzielonych odpowiedzi
Twoja historia wyników
Nie rozwiązałeś tego quizu